Seminar International

Publicado: Hoddesdon : Merck Sharp & Dohme International , 1962
Descripción Física: 1 volum : il·lustracions, gràfics, taules ; 28 cm
Idioma: Catalán , English

MARC

LEADER 00000nas a2200000 a 4500
001 29071
003 AGDB
005 20260324181540.0
008 251128b spa||||| |||| 00| 0 cat d
040 |a agdb  |b cat 
041 |a eng 
082 |a Revistes 
245 |a Seminar International 
260 |a Hoddesdon :  |b Merck Sharp & Dohme International,  |c 1962 
300 |a 1 volum :   |b  il·lustracions, gràfics, taules ;  |c 28 cm 
500 |a Prové del fons Dolors Canals i Farriols (1913-2010) 
500 |a El núm. 1, vol. XI (1962) commemora el 10è any de la revista. 
505 |a Conté article de Dolors Canals: Announcement of discontinuation (p. 2) 
650 0 |a Fons Dolors Canals i Farriols (1913-2010)  |9 72778 
650 0 |a Medicina  |x Revistes  |2 Arxiu  |9 47265 
710 |a Merck Sharp & Dohme  |9 72836 
773 |g Seminar International, [1952]-[?] 
866 |a 1962 (núm. 1, vol. XI) 
942 |2 udc  |c ARXIU  |n 1 
952 |0 0  |1 0  |2 udc  |4 0  |6 F50324  |7 1  |9 98715  |a Arxiu  |b Arxiu  |d 2025-11-28  |h núm. 1, vol. XI (1962)  |l 0  |o F-503-24  |p 29071  |r 2025-11-28 10:48:46  |w 2025-11-28  |y ARXIU 
999 |c 130446  |d 130446